America's global interests : A new agenda
Salvato in:
| Autore principale: | |
|---|---|
| Natura: | Libro |
| Lingua: | Undetermined |
| Pubblicazione: |
New York
W. W. Norton & Company
1989
|
| Soggetti: | |
| Tags: |
Aggiungi Tag
Nessun Tag, puoi essere il primo ad aggiungerne! !
|
| Thư viện lưu trữ: | Trung tâm Học liệu Trường Đại học Cần Thơ |
|---|
| LEADER | 00534nam a2200205Ia 4500 | ||
|---|---|---|---|
| 001 | CTU_77942 | ||
| 008 | 210402s9999 xx 000 0 und d | ||
| 082 | |a 327.73 | ||
| 082 | |b H218 | ||
| 100 | |a Hamilton, Edward K. | ||
| 245 | 0 | |a America's global interests : | |
| 245 | 2 | |b A new agenda | |
| 245 | 0 | |c Edward K. Hamilton | |
| 260 | |a New York | ||
| 260 | |b W. W. Norton & Company | ||
| 260 | |c 1989 | ||
| 650 | |a World politics | ||
| 650 | |y 1945- | ||
| 904 | |i Trúc | ||
| 980 | |a Trung tâm Học liệu Trường Đại học Cần Thơ | ||